Utwory Kornela Makuszyńskiego - nagła śmierć - Statystyki

Ogólne statystyki
  • Ten quiz został rozwiązany 87 razy
  • Średni wynik to 7 z 9
Answers on the Grid
Answers color-coded by a green-red scale on the quiz's grid according to % correct below.
,,Szatan z siódmej klasy"
,,Przygody Koziołka Matołka"
,,Awantura o Basię"
,,Panna z mokrą głową"
,,Szaleństwa panny Ewy"
,,O dwóch takich, co ukradli księżyc"
,,Bezgrzeszne lata"
,,Rzeczy wesołe"
,,List z tamtego świata"
,,Zbrodnia i kara"
,,Pani Bovary"
,,Tango"
,,Katarynka"
,,Księgi Jakubowe"
,,Akademia pana Kleksa"
 
Statystyki odpowiedzi
Odpowiedź % Poprawnych
,,Panna z mokrą głową"
90%
,,Przygody Koziołka Matołka"
90%
,,Awantura o Basię"
87%
,,O dwóch takich, co ukradli księżyc"
86%
,,Szatan z siódmej klasy"
86%
,,Szaleństwa panny Ewy"
84%
,,Bezgrzeszne lata"
73%
,,Rzeczy wesołe"
70%
,,List z tamtego świata"
67%
Nie znaleziono quizów pasujących do podanych kryteriów
Rozkład punktacji
Procent ludzi z każdym wynikiem
Percentyl według liczby udzielonych odpowiedzi
Twoja historia wyników
Nie rozwiązałeś tego quizu